COMO SALVAR SU VIDA (Registro nro. 22235)
[ vista simple ]
| 000 -LEADER | |
|---|---|
| fixed length control field | 00430nam a2200169 a 4500 |
| 001 - CONTROL NUMBER | |
| control field | 22235 |
| 005 - DATE AND TIME OF LATEST TRANSACTION | |
| control field | 20180713220116.0 |
| 008 - FIXED-LENGTH DATA ELEMENTS--GENERAL INFORMATION | |
| fixed length control field | 140415s1977 000 0 spa d |
| 041 ## - LANGUAGE CODE | |
| Language code of text/sound track or separate title | spa |
| 082 ## - DEWEY DECIMAL CLASSIFICATION NUMBER | |
| Classification number | 152.33 |
| Item number | UBE |
| 100 1# - MAIN ENTRY--PERSONAL NAME | |
| Personal name | UBELL, EARL |
| 245 10 - TITLE STATEMENT | |
| Title | COMO SALVAR SU VIDA |
| 260 ## - PUBLICATION, DISTRIBUTION, ETC. | |
| Place of publication, distribution, etc. | [s.l.] : |
| Name of publisher, distributor, etc. | DIANA, |
| Date of publication, distribution, etc. | 1977 |
| 300 ## - PHYSICAL DESCRIPTION | |
| Extent | 355 |
| 650 14 - SUBJECT ADDED ENTRY--TOPICAL TERM | |
| Topical term or geographic name entry element | HABITOS ALIMENTICIOS |
| General subdivision | SALUD |
| 700 1# - ADDED ENTRY--PERSONAL NAME | |
| Personal name | VAZQUEZ V., JAIME |
| Relator term | tr. |
| Withdrawn status | Lost status | Source of classification or shelving scheme | Damaged status | Not for loan | Collection code | Home library | Current library | Shelving location | Date acquired | Source of acquisition | Inventory number | Total Checkouts | Full call number | Barcode | Date last seen | Date last checked out | Price effective from | Koha item type |
|---|---|---|---|---|---|---|---|---|---|---|---|---|---|---|---|---|---|---|
| Dewey Decimal Classification | General | Biblioteca Karol Wojtyla | Biblioteca Karol Wojtyla | Sala general | 03/12/2013 | Compra | 151000000000000000061525 | 1 | 152.33 UBE | 42698 | 05/01/2026 | 04/03/2019 | 03/12/2013 | Libro |